000 00358nam a22001577a 4500
003 MPLRDC
005 20220104123426.0
008 210129b ||||| |||| 00| 0 eng d
082 _a958 LJS v.165
100 _a郎静山发行
245 _a中国摄影. 一六五
_c
260 _a
_b不详
_c
300 _b
650 _a
942 _cBK
_o958 LJS v.165
999 _c11330
_d11320